Littérature francaise. T2

Đã lưu trong:
Bibliografiske detaljer
Hovedforfatter: Antoine Adam
Format: Bog
Sprog:Undetermined
Udgivet: Paris Larousse 1968
Fag:
Tags: Tilføj Tag
Ingen Tags, Vær først til at tagge denne postø!
Thư viện lưu trữ: Trung tâm Học liệu Trường Đại học Cần Thơ
LEADER 00506nam a2200181Ia 4500
001 CTU_26733
008 210402s9999 xx 000 0 und d
082 |a 840.9 
082 |b A193/T2 
100 |a Antoine Adam 
245 0 |a Littérature francaise. T2 
245 0 |c Antoine Adam, Georges Lerminier 
260 |a Paris 
260 |b Larousse 
260 |c 1968 
650 |a french literature - history and criticism 
904 |i Minh, 981019 
980 |a Trung tâm Học liệu Trường Đại học Cần Thơ